Englishman's England (Record no. 187249)

MARC details
000 -LEADER
fixed length control field 00355nam a2200157Ia 4500
008 - FIXED-LENGTH DATA ELEMENTS--GENERAL INFORMATION
fixed length control field 230917s9999||||xx |||||||||||||| ||und||
020 ## - ISBN
Price RS6.5
040 ## - CATALOGING SOURCE
-- 43248
Original cataloging agency VIVEKANANDA LIBRARY
041 ## - Language
-- English
082 ## - DDC NUMBER
Classification number 942 E36E
100 ## - MAIN ENTRY--PERSONAL NAME
Personal name Emery, R J
245 #0 - TITLE STATEMENT
Title Englishman's England
260 ## - PUBLICATION, DISTRIBUTION, ETC. (IMPRINT)
Place of publication, distribution, etc London
Name of publisher, distributor, etc Macmillan
Date of publication, distribution, etc 1965
300 ## - PHYSICAL DESCRIPTION
Pages 206 p.
942 ## - ADDED ENTRY ELEMENTS (KOHA)
Koha item type Books
Holdings
Withdrawn status Lost status Damaged status Not for loan Location (home branch) Sublocation or collection (holding branch) Date acquired Koha issues (times borrowed) Koha full call number Accession No. Koha date last seen Koha item type
        VIVEKANANDA LIBRARY VIVEKANANDA LIBRARY 14/11/2002   942 E36E 4324 17/09/2023 Books
© Designed and Maintained by Vivekananda Library, MDU Rohtak